Statistics for UFC Lightweight Rankings

Click here to take the quiz!

General Stats

  • This quiz has been taken 121 times
  • The average score is 9 of 16

Answer Stats

RankFighter% Correct
6Conor McGregor
96%
1Dustin Poirier
95%
3Charles Oliveira
88%
2Justin Gaethje
87%
C*Khabib Nurmagomedov
82%
5Tony Ferguson
80%
4Michael Chandler
75%
9Beneil Dariush
55%
8Dan Hooker
55%
11Islam Makhachev
53%
7Rafael Dos Anjos
47%
13Kevin Lee
32%
14Al Iaquinta
24%
10Paul Felder
16%
15Gregor Gillespie
15%
12Diego Ferreira
9%

Score Distribution

Percentile by Number Answered

Percent of People with Each Score

Your Score History

You have not taken this quiz